Responses for show #3374 - Thursday, April 15, 1999

Helen Petroff game 2.

Contestants

Ed Clarke, a special education teacher from Mansfield, Massachusetts

Beth Looney, a fundraiser from Cornelius, North Carolina

Helen Petroff, a research assistant from Los Angeles, California (whose 1-day cash winnings total $6,600)

Jeopardy! Round responses

THE 1950s
SAINTS
FILM ROLES
THE STATE I'M IN
(Alex: You name the state.)
MODERN DESIGN
LETTERS & NUMBERS
    $100 9
Moon

Ed
    $100 24
St. Valentine

Ed
    $100 10
Will Hunting

Helen
    $100 4
Indiana

Ed
    $100 1
Beanbag chair

Helen
    $100 19
4-F

Triple Stumper
    $200 15
Brooklyn Dodgers & New York Giants

Ed
    $200 25
St. Bernadette

Triple Stumper
    $200 11
Stephen King

Ed
    $200 5
Montana

Ed
    $200 2
Typefaces

Helen
    $200 20
4-H

Helen
    $300 16
Antarctica

Helen
    $300 26
(E: What is Paris?)

Rome

Ed
    $300 12
Ronald Reagan

Ed
    $300 6
Mississippi

Beth
    $300 3
Modular

Beth
    $300 21
Y2K

Ed
    $400 17
Joseph Stalin

Helen
    $400 27
(B: What is Chile?)

Venezuela

HelenBeth
    $400 13
Humphrey Bogart

Triple Stumper
    $400 7
Kansas

Beth
    $400 29
Jewelbox (for CDs)

Helen
    $400 22
UB40

Beth
    $500 18
L. Ron Hubbard

Ed
    $500 28
Chosen by lot

Triple Stumper
    $500 14
Douglas MacArthur

Ed
    $500 8
Nebraska

Triple Stumper
    $500 30
Vespa

Helen
    $500 23
(B: What is a 12-gauge?)

AK-47

BethEd

Scores at the first commercial break (after clue 15):

Helen Beth Ed
$400 $1,000 $1,600

Scores at the end of the Jeopardy! Round:

Helen Beth Ed
$2,600 $500 $2,700

Double Jeopardy! Round responses

SCIENCE
HERE'S JOHNNY!
18th CENTURY AMERICA
FLOWERS
FICTIONAL CHARACTERS
CROSSWORD CLUES "M"
    $200 2
Lobster

Beth
    $200 10
Johnny Cash

Beth
    $200 13
George Washington

Ed
    $200 1
Wallflower

Helen
    $200 18
Benjamin Franklin

Ed
    $200 21
Mug

Helen
    $400 6
(E: What is counterclockwise?)

West/or opposite to the Earth's rotation

Ed
Triple Stumper
    $400 11
Johnny Carson

Triple Stumper
    $400 14
Smallpox

Ed
    $400 3
Spring

Beth
    $400 19
Kurt Vonnegut

Triple Stumper
    $400 22
Mather

Ed
    $1,500 7
Sphere

Helen
    $600 12
Johnny Weissmuller

Ed
    $600 15
French & Indian War

Ed
    $600 4
(B: What is ragweed?)

Goldenrod

Beth
Triple Stumper
    $600 20
Dashiell Hammett

Triple Stumper
    $600 23
(with less than a minute to go...)

Midge

Helen
    $800 8
Meiosis

Helen
    $800 26
Johnny Rotten

Helen
    $1,500 16
(E: Who is Nathan Hale?)

Elihu Yale

Ed
    $800 5
The valley

Helen
    $800 24
"Bulldog"

Triple Stumper
    $800 25
Mantilla

Beth
    $1000 9
(H: What are leukocytes?)
(Alex: Be more specific...)
(H: [no response])

Lymphocytes

Helen
Triple Stumper
    $1000 28
Johnny Rutherford

Triple Stumper
    $1000 17
House of Burgesses

Ed
    $1000 29
Tuberose

Triple Stumper
    $1000 30
(E: Who is F. Lee Bailey?)

Rumpole

HelenEd
    $1000 27
(Dame Nellie) Melba

Helen

Scores at the end of the Double Jeopardy! Round:

Helen Beth Ed
$8,500 $1,500 $3,200
(lock game)

[wagering suggestions for these scores]

Final Jeopardy! Round responses

MUSIC
BethWhat is the b
$1,500
EdWhat is The Vienna Boys Choir
$0
HelenWhat the Vienna Boys Choir
$2,000
The Vienna Boys' Choir

Final scores:

Helen Beth Ed
$10,500 $0 $3,200
2-day champion: $17,100 3rd place: Bushnell/Bausch & Lomb Telescope 2nd place: Trip to Windjammer Landing Beach Resort, Saint Lucia

Game dynamics:

Coryat scores:

Helen Beth Ed
$7,600 $1,500 $5,000
18 R
(including 1 DD),
1 W
8 R,
3 W
18 R,
4 W
(including 2 DDs)

Combined Coryat: $14,100

The J! Archive is created by fans, for fans. The Jeopardy! game show and all elements thereof, including but not limited to copyright and trademark thereto, are the property of Jeopardy Productions, Inc. and are protected under law. This website is not affiliated with, sponsored by, or operated by Jeopardy Productions, Inc. Join the discussion at JBoard.tv.